000 00984cab a2200265 4500
001 ABS50857
008 090401t1994 xxu||||| |||| 00| 0 eng d
035 _a(Sirsi) u77159
041 _aeng
100 _aJeffery, M.
245 _aEnvironmental liability: a continuing source of concern for lenders
260 _c1994
350 _a0
490 _aEnvironmental Policy and Practice
_v4(1) 1994, 17-26(10)
520 _aTraces the evolution of lender liability in Canada and the US which can be reproduced in many situations. Outlines and comments on recent developments, looking at legislation with an overview of the inherent risks involved, and what the future holds.
650 _aCANADA
650 _aENVIRONMENTAL RISK
650 _aENVIRONMENTAL LIABILITY
650 _aLENDER LIABILITY
650 _aUNITED STATES
690 _aENVIRONMENTAL AND LAND CONSULTANCY
690 _aPROPERTY-PROPERTY FINANCE AND INVESTMENT
942 _n0
948 _c04/03/1997
999 _c48496
_d48496